00494nam a2200169Ia 450000500170000000800410001702000180005804000190007604100120009508200200010724500700012726000340019730000150023165000420024670000260028885000100031420221207164131.0131103s9999 xx 000 0 und d aSBN 871090877 aLoreto College aEnglish a811.3 bDIC-JOH 4aThe complete poems of Emily Dickinsoncedited by Thomas H.Johnson aLondonbFaber and Faberc1970 axi,770 p.  aDickinson,Emily Elizabeth 1830 - 1886 aJohnson,Thomas H.,ed. aLCLIB